000 01548nab a22002177a 4500
999 _c5923
_d5923
003 OSt
005 20260114010102.0
008 190605e xxu||||| |||| 00| 0 spa d
040 _cPJ
100 _96374
_aGarcía Huidobro, Victoria
245 1 3 _aEl salario del trabajador rural en el régimen de la ley 26.727. Competencia de la Comisión Nacional de Trabajo Agrario /
_cVictoria García Huidobro.
260 _aCiudad Autónoma de Buenos Aires :
_bThomson Reuters La Ley,
_c2024.
300 _ap. 68-83
500 _aCita: TR LALEY AR/DOC/3003/2023.
505 _aSumario: I. Antecedentes históricos.— II. Nociones básicas del Régimen de Trabajo Agrario, instituido por ley 26.727.— III. Síntesis preliminar.— IV. La res. 230/2022 de la CNTA.— V. La Competencia de la Comisión Nacional de Trabajo Agrario.— VI. Deliberación y buena fe negocial.— VII. La motivación de la res. 230/2022.— VIII. La razonabilidad de la medida.— IX. La medida cautelar dictada en autos "Sociedad Rural Argentina Asociación Civil y otros c. Ministerio de Trabajo Empleo y Seguridad Social de la Nación s/ medida cautelar" (Expte. CNT 2473/2023).— X. Conclusión.— XI. Bibliografía.
505 _t¿Te interesa el texto completo? Solicitalo al correo: koha@justierradelfuego.gov.ar
650 0 _91316
_aDERECHO LABORAL
650 0 _91364
_aTRABAJADORES RURALES
773 0 _02711
_93168
_dCiudad Autónoma de Buenos Aires : Thomson Reuters La Ley, 1999-2002.
_tRevista de derecho del trabajo. Nº 1 - Enero 2024
942 _2udc
_cANA